| 000 | 00587nam a2200217Ia 4500 | ||
|---|---|---|---|
| 003 | BUBTL | ||
| 008 | 151213s9999 xx 000 0 und d | ||
| 082 | _a347.06/S5795l | ||
| 100 |
_aSikder, M. Ansaruddin _93894 |
||
| 245 |
_aLaw of Evidence _cM.Anseruddin Sikder |
||
| 250 | _a2nd | ||
| 260 |
_aDhaka _bM.Tanveer Faysal _cc 1998 |
||
| 300 |
_a1171 p . : _b24 cm . |
||
| 500 | _aIncludes Index. | ||
| 650 |
_aLaw _93895 |
||
| 650 |
_aLaw _93895 |
||
| 700 |
_aM.Anseruddin Sikder _93896 |
||
| 856 |
_k0 _l0 _yDownload |
||
| 942 |
_2ddc _cBK |
||
| 999 |
_c2252 _d2252 |
||